[Event "Promotion Vitrolles 03/04"]
[Site "?"]
[Date "2003.12.13"]
[Round "4"]
[White "Mengus, Michel"]
[Black "Damofli, Jean"]
[Result "1-0"]
[WhiteElo "1760"]
[BlackElo "1430"]
[PlyCount "95"]

1. d4 Nf6 2. Nf3 g6 3. e3 Bg7
4. c4 O-O 5. Nc3 d6 6. Be2 Nbd7 7. O-O e5 8. dxe5 dxe5 9. e4 c6 10. Bg5 Qc7 11.
b4 (11. Qc2 Nc5 12. Be3 Ne6 13. h3 Nh5 14. Rfd1 Nef4 15. Bf1 Qe7 16. Qd2 f5 17.
Qd6 Qxd6 18. Rxd6 Ne6 19. Rad1 f4 20. Bc1 Nd4 21. c5 Re8 22. Bc4+ Kh8 23. Kh2
Bf6 24. Ne2 Nxf3+ 25. gxf3 Be7 26. R6d3 Kg7 27. b4 a5 28. Bb2 Kf6 29. a3 axb4
30. axb4 Be6 31. Bxe6 Kxe6 32. R1d2 Ra4 33. Bc3 Nf6 34. Nc1 34... Rea8 {
1/2-1/2 Khariton,L-Apicella,M/Paris 1991/TD (34)}) 11... Ne8 $2 {
>=11...Rd8 12.Qc2 +/=} 12. Be7 $18 {les Blancs ont l'intention de pousser c5}
12... f5 13. Bxf8 Nxf8 14. c5 Be6 15. Ng5 Rd8 16. Nxe6 Nxe6 17. Qb3 Qe7 18. Bc4
N8c7 19. Rad1 Re8 20. Rd6 Kh8 21. Bxe6 Nxe6 22. Rdd1 {
22.Qd1!? Nd4 23.exf5 gxf5 24.Re1 +-} 22... Nd4 23. Qc4 Qg5 24. Qd3 f4 25. f3
h5 26. b5 {26.Ne2!? h4 +-} 26... h4 27. h3 Rd8 28. bxc6 $18 28... bxc6 29.
Rb1 Bf8 (29... Nf5 30. Qa6 Rd2 31. Ne2 Ne3 32. Rf2 Nd1 33. Qa5 Rd7 34. Rb8+
34... Kh7 $14 {suivi de ...Nxf2}) 30. Na4 30... Qe7 $2 (30... Nf5 $142 $5 {
est une idee interessante} 31. Qb3 Rd2 32. Rf2 Rxf2 33. Kxf2 Ne3 34. Rg1 Qg3+
35. Ke2 Qh2 36. Qb1 36... Nc2 $14) 31. Rf2 {31.Qa6 Qe8 +-} 31... Ne6 32. Qc4
Rd4 33. Qa6 Nxc5 34. Nxc5 Qxc5 35. Kh2 Rb4 36. Rxb4 Qxf2 37. Rb1 Qc2 38. Rb8
38... Kg8 $4 {38...Qc5 39.Qc8 +-} 39. Qc8 (39. Qa3 $1 39... c5 (39... Qc4 40.
Qxf8+ Kh7 41. Qh8#) 40. Qa6 $18 {et le mat suit dans toutes les variantes})
39... Qc5 $18 40. Qe6+ Kg7 41. Rb7+ Kh6 42. Qg8 Kg5 43. Rf7 Kh5 44. Qxf8 {
44.Rf6 force le mat} 44... Qf2 45. Qh8+ {45.Rh7+ Kg5 46.Qe7#} 45... Kg5 46.
Qxe5+ Kh6 47. Qxf4+ Kh5 48. Rh7# 1-0

[Event "Promotion Vitrolles 03/04"]
[Site "?"]
[Date "2003.12.13"]
[Round "4"]
[White "Bouriel, Michel"]
[Black "Alpe, Jean-Charles"]
[Result "0-1"]
[WhiteElo "1390"]
[BlackElo "1430"]
[PlyCount "50"]
[EventDate "2003.??.??"]

1. e4 e5 2. Nf3 Nf6 3. Nxe5 d6 4. Nf3 Nxe4 5. d4 d5 6. Bd3 Nc6 7. h3 Be7 8. O-O
(8. a3 Bf5 9. Be3 Qd6 10. Nbd2 Bg6 11. Nb3 O-O 12. Qc1 a5 13. Bf4 Qe6 14. Qe3
a4 15. Nc1 Bf6 16. O-O Ne7 17. Be5 Bxe5 18. Nxe5 Nf5 19. Qf4 Nxd4 20. c3 Nc6
21. Nxg6 fxg6 22. Qxc7 Nxf2 23. Qg3 Ne4 24. Qe3 Qe5 25. Be2 Rxf1+ 26. Bxf1 Nd6
27. Qxe5 Nxe5 28. Nd3 Nec4 29. Re1 Re8 30. Rxe8+ Nxe8 31. Nc5 Nxb2 32. Nxb7 Kf7
33. Be2 Ke7 34. Kf2 Nd6 35. Nc5 Ndc4 36. Bxc4 Nxc4 37. Nxa4 Kd6 38. Ke2 Kc6 39.
Kd3 Kb5 40. Kd4 Kxa4 41. Kxd5 Nxa3 42. Ke6 Nc4 43. Kf7 Ne3 44. Kxg7 {
1/2-1/2 Santo Roman,M-Chabanon,J/Toulouse 1995/EXT 98 (44)}) 8... O-O 9. Re1
Bf5 10. c4 {10.Nbd2!? Nd6 11.Nf1 =} Nb4 $15 11. Bxe4 {
11.Ne5 Nxd3 12.Qxd3 Nd6 =/+ (/\...dxc4 et les Blancs ont un Pd4 isole)} Bxe4
12. Na3 Nd3 {>=12...Re8 -/+} 13. Rf1 $2 {
13.Re3 Bxa3 14.bxa3 Bxf3 15.Qxd3 dxc4 16.Qxc4 Bd5 =/+} Nxc1 $4 {
il y avait de meilleurs moyens pour maintenir la pression} (13... Bxa3 $142 14.
bxa3 dxc4 15. Ne1 (15. Be3 Qd5 $19) 15... Qxd4 $19) 14. Rxc1 $17 c6 15. c5 {
Les blancs obtient plus d'espace} Bf6 16. Nc2 {16.Ne5 Re8 17.f3 Bf5 =/+} Re8
$17 17. Ne3 {17.Nh2 Qa5 18.Ng4 Bg5 19.f4 Bd8 -/+} Bxf3 $19 18. Qxf3 Bxd4 19.
Nf5 Bxb2 20. Rb1 {20.Nd6 Re7 21.Rb1 Be5 22.Nxb7 Qc7 -+} Be5 {
>=20...Qf6 -+ (/\...b5) avec d'excellentes chances pour les Noirs} 21. Rxb7 $17
Qf6 22. Rfb1 {#} Reb8 $4 {affaiblissant la position 22...a5 23.Rd7 -/+} 23.
Rxb8+ $4 {les Blancs manquent le coche} (23. Nh6+ $142 $1 Kh8 (23... gxh6 24.
Rxb8+ Rxb8 25. Rxb8+ Kg7 26. Qxf6+ Kxf6 27. Rc8 $18) 24. Nxf7+ Kg8 25. Nxe5
Rxb7 26. Rxb7 Qxe5 27. Qf7+ Kh8 28. Rxa7 $18) 23... Rxb8 $17 24. Rxb8+ Bxb8 25.
Qg4 $4 (25. g3 $142 Be5 26. Qd3 h5 27. Kg2 g6 28. Nh4 Bd4 29. Qc2 g5 $19) 25...
Qa1+ (25... Qa1+ 26. Qd1 Qxd1#) 0-1

[Event "Promotion Vitrolles 03/04"]
[Site "?"]
[Date "2003.12.13"]
[Round "4"]
[White "Nakache, Jonathan"]
[Black "Baquer, Marc"]
[Result "0-1"]
[WhiteElo "1560"]
[BlackElo "1600"]
[PlyCount "58"]

1. e4 e6 2. d4 d5 3. Nd2 b6 4. e5
{Fritz a dans son grand livre : 4.Ngf3 Nf6 5.e5 Nfd7 6.c4 +/=]} 4... Ne7 (4...
Ba6 5. Bxa6 Nxa6 6. c3 Qd7 7. Qe2 Nb8 8. Ngf3 Ne7 9. O-O h5 10. Re1 Nf5 11. Nf1
Nc6 12. Ne3 Nce7 13. a4 {
1/2-1/2 Adorjan,A-Forintos,G/Wijk aan Zee 1974/MCD (13)}) 5. Ngf3 a5 6. c4 Ba6
7. b3 Nd7 8. Bd3 8... c5 {Attaque la chaine de pions} 9. Bb2 Ng6 10. O-O Nf4
11. Qc2 Rc8 12. Rfe1 cxd4 13. Bxd4 13... Nc5 {13...g5 14.Re3 Nc5 15.Bf1 =/+]}
14. Bxc5 {>=14.Bf1!? +/=]} 14... Bxc5 $15 15. Bf1 {
15.Bxh7? g6 16.Bxg6 fxg6 -+]} 15... O-O 16. Rad1 Qe7 17. Qb2 Bb7 18. cxd5 Bxd5
19. Bc4 {19.g3!? Ng6 20.Ne4 =/+]} 19... Rfd8 20. Bxd5 $2 (20. Qb1 $142 20...
Bb4 21. Bxd5 Rxd5 22. a3 Bxd2 23. Rxd2 (23. Nxd2 Qg5 24. g3 Rxd2 25. Rxd2 Nh3+
26. Kg2 Qxd2 27. Kxh3 27... Qxf2 $17) 23... Nxg2 24. Kxg2 Rxd2 25. Nxd2 Qg5+
26. Kf1 26... Qxd2 $17) 20... Bxf2+ $1 $19 21. Kf1 {
pas 21.Kxf2?? Nd3+ -+ gagnant la Q]} 21... Bxe1 {
21...exd5 22.Qa1 Bxe1 23.Nxe1 -+]} 22. Nxe1 Rxd5 ({Plus faible est} 22... exd5
23. Ndf3 $19) 23. Nef3 Qc5 24. Qb1 {sur 24.Qa1 Nd3 25.Nd4 Rxd4 26.Nf3 -+]}
24... Qc2 (24... Qb5+ $142 {fin du debat} 25. Nc4 (25. Kg1 Qe2 26. Ne1 26...
Rxd2 $19) 25... Rxc4 26. bxc4 Qxc4+ 27. Kf2 Qe2+ 28. Kg3 28... Rxd1 $19) 25.
Qxc2 Rxc2 26. Ra1 {26.a4 ne resiste pas mieux g5! 27.g3 Nh3 -+ (/\...g4)]}
26... Rcxd2 27. Nxd2 Rxd2 28. Rc1 {Menacant mat: Rc8} 28... g6 29. g3 Nd5 (
29... Nd5 30. Re1 30... Rxa2 $19) 0-1

[Event "Promotion Vitrolles 03/04"]
[Site "?"]
[Date "2004.01.10"]
[Round "5"]
[White "Damofli, Jean"]
[Black "Bouriel, Michel"]
[Result "1-0"]
[WhiteElo "1430"]
[BlackElo "1390"]
[PlyCount "47"]

1. d4 Nf6 2. Nf3 e6 3. c4 Bb4+ 4. Bd2 Bxd2+ 5.
Nbxd2 O-O 6. e4 d6 7. Bd3 (7. g3 c5 8. Bg2 cxd4 9. Nxd4 Qb6 10. N4b3 a5 11. Rb1
Nc6 12. O-O Rd8 13. Qe2 a4 14. Nc1 Bd7 15. h3 Be8 16. Kh2 Qa7 17. Nd3 Nd7 18.
f4 Nc5 19. Nf3 Nxd3 20. Qxd3 Nb4 21. Qc3 21... Qc5 {
Torre,E-Andersson,U/Indonesia 1983/MCD/1/2-1/2 (55)}) 7... Re8 $146 8. O-O 8...
Nbd7 {8...e5!? = est digne de consideration} 9. e5 $14 {
les Blancs gardent l'initiative} 9... dxe5 10. dxe5 Ng4 11. Re1 Ndxe5 12. Bxh7+
Kxh7 13. Nxe5 Nh6 14. Qc2+ Kg8 15. Rad1 15... b6 {15...f6!? 16.Ng6 Qd7 +/=}
16. Ne4 Qh4 17. Nf3 {17.c5 Qf4 18.cxb6 Qxe5 19.Nd6 +/-} 17... Qh5 {
17...Qf4!? +/-} 18. Neg5 $18 18... Nf5 $2 {
>= 18...f5 19.Qa4 c5 (19...Bb7 20.Rd7 +-) 20.Rd6 +-} 19. Qxf5 19... Bb7 {
19...exf5?? 20.Rxe8#} 20. Qh3 {>= 20.Qe5 Re7 21.Qg3 c5 +-} 20... Qg6 {
20...Qxh3 21.Nxh3 Bxf3 22.gxf3 Red8 +-} 21. Rd4 f6 22. Ne4 {
22.Rh4! Qxg5 23.Nxg5 +- et bientot le mat} 22... e5 23. Nxf6+ $4 {
perd une bonne partie de l'avantage} (23. Nh4 $142 {et les Blancs triomphent}
23... exd4 (23... Qh7 24. Qg4 Rf8 25. Qe6+ Kh8 (25... Rf7 26. Rd7 Raf8 27. Rxf7
Rxf7 28. Nf5 $18) 26. Ng5 fxg5 27. Ng6+ Qxg6 28. Qxg6 $18) 24. Nxg6 Bxe4 25.
Rxe4 Rxe4 26. g3 $18) 23... gxf6 $4 {
>= 23...Qxf6 24.Rd2 Bxf3 25.Qxf3 Qxf3 26.gxf3 Rad8 +/-)} 24. Rg4 $18 (24. Rg4
Qxg4 25. Qxg4+ Kf8 26. Qg6 $18) 1-0

[Event "Promotion Vitrolles 03/04"]
[Site "?"]
[Date "2004.01.10"]
[Round "5"]
[White "Andreis, Pierre"]
[Black "Mengus, Michel"]
[Result "0-1"]
[WhiteElo "1700"]
[BlackElo "1760"]
[PlyCount "26"]

1. e4 e5 2. d4 exd4 3. Qxd4 Nc6 4. Qe3 Nf6 5. Nc3 Bb4
6. Bd2 O-O 7. O-O-O Re8 8. Bc4 Na5 9. Bd3 d5 10. e5 d4 11. Qg5 {
11.Qf4!? dxc3 12.Qxb4 cxd2+ 13.Rxd2 Nd7 14.Qxa5 Qg5 =/+} ({
la bibliotheque de Fritz indique} 11. Qg3 11... dxc3 12. Bg5 cxb2+ 13. Kb1 Ne4
14. Bxd8 Nxg3 15. hxg3 Bf5 16. Bxf5 16... Raxd8 $11) 11... dxc3 $17 12. exf6 $4
{cause de grands problemes} (12. Bxc3 $142 12... h6 13. Qd2 Bxc3 14. Qxc3 Nd7
15. e6 Qg5+ 16. f4 Qxf4+ (16... Qxg2 $4 17. exd7 Bxd7 18. Ne2 $18) 17. Kb1 Rxe6
18. Qxa5 18... Qe5 $17) 12... cxd2+ $19 13. Kb1 Qxf6 (13... Qxf6 14. Qxf6 14...
gxf6 $19) 0-1

[Event "Promotion Vitrolles 03/04"]
[Site "?"]
[Date "2004.01.24"]
[Round "6"]
[White "Mengus, Michel"]
[Black "Bordenave, Robert"]
[Result "1/2-1/2"]
[WhiteElo "1740"]
[BlackElo "1690"]
[PlyCount "107"]

1. f4 d5 2. b3 Bf5 3. Bb2 e6 4. Nf3 Nd7 5. e3 Ngf6 6.
Be2 h6 7. O-O Be7 8. Ne5 O-O 9. Na3 Nxe5 10. fxe5 Nd7 11. c4 {11.Nb5!? c5 =}
11... Nxe5 $17 12. d4 Nc6 13. cxd5 Qxd5 14. Nb5 Qd7 15. Bf3 15... Nd8 {
15...Rad8 16.Rc1 Bg5 -/+} 16. Qe2 a6 17. Nc3 Bg6 18. Rad1 c6 19. e4 Qc7 20.
Bc1 {20.Bh5 Bh7 =/+} 20... Bd6 {20...c5 21.d5 Bd6 22.g3 Be5 -/+} 21. e5 $15
21... Bb4 22. Ne4 Be7 23. Bh5 Bxe4 24. Qxe4 f5 25. exf6 Rxf6 26. Rxf6 {
26.Be2 Nf7 =} 26... Bxf6 27. Rf1 Qd7 28. Be3 Qe7 29. Bd1 29... Kf8 {
#
29...Nf7 30.Bc2 Kf8 =/+} 30. Bc2 (30. Bxh6 Nf7 (30... gxh6 $143 31. Qg6
Qg7 32. Rxf6+ (32. Qxf6+ $6 32... Qxf6 33. Rxf6+ 33... Kg7 $11) 32... Nf7 33.
Bh5 Qxg6 34. Bxg6 Kg7 35. Rxf7+ Kxg6 36. Rxb7 Rd8 37. Rb4 $16) 31. Be3 31...
Rd8 $14) 30... Ke8 {30...Nf7 31.Qg6 Rd8 =/+} 31. Qh7 (31. Bxh6 $5 31... Nf7 (
31... gxh6 32. Qg6+ Kd7 33. Qxf6 $14) 32. Be3 $14) 31... Kd7 $15 32. Kh1 Nf7
33. Qd3 Rd8 34. Bd2 {34.b4!? =/+} 34... Kc8 $17 35. Ba5 {35.Bc3 c5 -/+}
35... Rxd4 $19 {les Noirs obtiennent un bon jeu sur la colonne-d} 36. Qg3 Qd6
37. Qg6 {37.Bc3 Qxg3 38.hxg3 Rd5 39.Bxf6 gxf6 40.Rxf6 Rd2 41.Rxf7 Rxc2 -+}
37... Qd7 (37... Rh4 $5 38. h3 Qd5 39. Rxf6 gxf6 40. Bb6 Rf4 41. Bd3 (41. Qxf7
$2 41... Rf1+ 42. Bg1 Qc5 43. Qg8+ Kc7 44. Qg3+ e5 45. Qh2 45... Qxc2 $19)
41... Rb4 42. Bc4 Qg5 43. Qxf7 43... Rxb6 $19) 38. Qh7 Rd5 39. Qg8+ Nd8 40. b4
Kb8 41. Bb3 Rd3 42. Bb6 e5 43. h3 Rd2 44. Qh7 {>= 44.Be3!? Re2 45.Bb6 -/+}
44... Qd3 $19 45. Qxd3 Rxd3 46. Bc4 Rd7 47. Re1 47... Nf7 {
47...Rd6 48.Bc5 Rd2 49.Kg1 -+} 48. Be6 Re7 49. Bg4 49... Re8 $2 {
>= 49...Ng5!? 50.Rd1 Re8 -+} 50. Bh5 $15 50... Re7 {
50...Nd6 51.Bxe8 Nxe8 52.g4 =/+} 51. Rd1 {51.Bg4? Ng5 -+} 51... Kc8 {
>= 51...e4!? 52.Bc5 Ne5 53.Bxe7 Bxe7 54.a3 Nc4 -/+} 52. Bc5 Rc7 53. Bb6 Re7
54. Bc5 {
les Noirs sont obliges d'accepter la nulle, sinon l'avantage passe aux Blancs}
1/2-1/2

[Event "Promotion Vitrolles 03/04"]
[Site "?"]
[Date "2004.01.25"]
[Round "6"]
[White "Bouriel, Michel"]
[Black "Andreis, Pierre"]
[Result "0-1"]
[WhiteElo "1390"]
[BlackElo "1700"]
[PlyCount "148"]

1. e4 e5 2. Nf3 Nf6 3. Nxe5 d6 4. Nf3 Nxe4 5. d4 d5 6.
Bd3 Nc6 7. O-O 7... Bg4 {7...Be7 est le plus joue 8.Re1 Bg4 9.c4 Nf6 =} 8. c3
(8. Nc3 f5 9. h3 Bxf3 10. gxf3 Nxc3 11. bxc3 Qf6 12. Re1+ Be7 13. c4 dxc4 14.
Bxc4 O-O-O 15. c3 Bd6 16. f4 Rde8 17. Be3 h6 18. Qf3 Nd8 19. Rad1 c6 20. Bd3
Rhf8 21. Bd2 Rxe1+ 22. Rxe1 g5 23. Kf1 Kb8 24. Bc4 Qg7 25. fxg5 hxg5 26. Qh5 f4
27. Re8 {1/2-1/2 Speelman,J-Seirawan,Y/Reykjavik 1990/CBM 18 (27)}) 8... Bd6 9.
Re1 f5 10. Nbd2 $146 (10. h3 Bh5 11. Qb3 Qf6 12. Qxd5 Bxf3 13. gxf3 O-O-O 14.
fxe4 Bh2+ 15. Kxh2 Rxd5 16. exd5 Qd6+ 17. Kg1 Qxd5 18. Bf1 g5 19. Bg2 Qd6 20.
Nd2 g4 21. hxg4 fxg4 22. Ne4 Qg6 23. Bf4 Qf5 24. Bg3 h5 25. Nc5 Qg5 26. Bxc6
bxc6 27. Re5 {1-0 Spraggett,K-Sieiro Gonzalez,L/Havana 1986/EXT 98 (27)}) 10...
O-O {10...Qd7!? 11.h3 Bh5 12.g4 Bg6 13.Nh4 +/=} 11. Qb3 $16 11... Kh8 12. g3
(12. Qxb7 $142 $5 12... Qf6 13. Qb5 (13. Bxe4 $2 13... fxe4 14. Qb5 exf3 (14...
Bxf3 $6 15. gxf3 exf3 16. Re3 $19 (16. Qxd5 $4 {c'est mat en 3} 16... Qg6+ 17.
Qg5 Qxg5+ 18. Kh1 Qg2#)) 15. Qxd5 15... Qh4 $19) 13... Rad8 $16) 12... Na5 $11
13. Qc2 (13. Qxd5 c6 14. Qe6 Rf6 15. Rxe4 15... b5 $11 (15... fxe4 $143 16.
Qxg4 exd3 17. b4 $16)) 13... Qf6 14. Ne5 14... Rad8 $4 {
il y avait de meilleurs moyens pour maintenir la pression} (14... Bxe5 $142 15.
dxe5 15... Qb6 $11 (15... Qxe5 $143 16. f3 $14)) 15. f3 $4 {
les Blancs manquent le coche >= 15.Nxg4 fxg4 16.Nxe4 dxe4 17.Rxe4 +-} 15...
Bxe5 $17 16. dxe5 $4 {>= 16.fxg4 Bxd4+! 17.Kg2 fxg4 18.Rf1 Bf2 -/+} 16...
Qb6+ $19 17. Kh1 {
17.Kg2 ne rattrape rien Qf2+ 18.Kh1 Qxe1+ 19.Nf1 Bxf3+ 20.Kg1 Nc4 -+} 17...
Nxd2 $2 {il faut laisser le cavalier se dechainer sur une autre case 17...
Nf2+ 18.Kg1 Nxd3+ 19.Kh1 Nxe1 20.fxg4 Qf2 21.Nf3 Nxc2 22.Ng1 Ne1 23.gxf5 Qg2#}
(17... Nf2+ 18. Kg1 Nxd3+ 19. Kh1 Nxe1 20. fxg4 (20. Qd1 20... Qf2 $19) 20...
Qf2 21. Nf3 Nxc2 22. Ng1 Ne1 23. gxf5 Qg2#) 18. fxg4 $15 18... Nf3 19. Rf1 {
19.Be3 d4 20.cxd4 Nxe1 21.Rxe1 fxg4 =} 19... Nxe5 {
19...fxg4 20.Bxh7 Nc4 21.Bf5 Nfxe5 -/+} 20. gxf5 Nxd3 21. Qxd3 Nc4 22. b3 {
22.Bg5!? Ne5 23.Qd4 Rde8 24.Qxb6 =} 22... Ne5 $15 23. Qd4 Qxd4 24. cxd4 24...
Nd7 {24...Nc6 25.Bb2 Rde8 =/+} 25. Bg5 Rde8 26. g4 {26.Rae1 Re4 =} 26...
Re4 $15 27. h3 Rfe8 28. Rad1 Nf6 29. Bf4 c6 30. Be5 Kg8 31. Rde1 Kf7 32. Rxe4
Nxe4 33. Kg2 33... a6 {33...c5 34.Rb1 =/+} 34. h4 {34.b4 Nd2 35.Re1 b6 =}
34... h6 {34...c5 35.h5 b5 =/+} 35. Rh1 Re7 36. g5 {36.Rc1!? =} 36... hxg5
$17 37. hxg5 Nxg5 38. Rh5 Ne4 39. Kf3 Nf6 40. Rh8 Re8 41. Rxe8 Kxe8 42. Kf4 Kf7
43. Bc7 Nd7 44. a3 g6 45. Kg5 gxf5 46. Kxf5 Ke7 47. Kf4 Ke6 48. Ke3 48... Kf5 {
48...c5 49.dxc5 Nxc5 50.b4 -/+} 49. Kf3 Nf8 50. Ke3 Ne6 51. Bb6 51... Kg4 {#}
52. Kd3 $6 {le K blanc ne devrait pas ceder si facilement du terrain : Il faut
empecher le K noir d'approcher des P 52.a4!? -/+} 52... Kf3 $19 53. Kc3 (53.
Ba7 Nf4+ 54. Kd2 Ke4 55. Bb6 Ne6 56. Kc3 Ke3 57. Ba7 Nf4 58. a4 58... Ne2+ {
la case cle pour le N} 59. Kc2 Ke4 60. Bb6 Nxd4+ 61. Kc3 61... Nf5 $19) 53...
Ke4 54. Ba7 Nc7 55. a4 Ne6 56. Bb6 56... Nf4 {
>= 56...Ke3!? pour offrir la case e2 au N 57.Kc2 -+} 57. Kd2 Nh5 58. Kc3 {
58.Ba7 b5 59.a5 Nf4 60.b4 Nd3 61.Kc3 Ke3 62.Bb6 Nf4 -+} 58... Ke3 59. a5 Ng3
60. Kc2 Ne2 61. Ba7 61... Ke4 {pas 61...Nxd4+?? 62.Kc3 +- gagne le N} 62. Kd2
Nxd4 63. b4 63... Nb5 {
63...c5 est mieux 64.bxc5 Nb3+ 65.Kc2 Nxa5 66.Bb6 Nc6 -+} 64. Bf2 d4 65. Bg1
Nc3 66. Bf2 Nd5 67. Kc2 Nxb4+ 68. Kb3 Nd3 69. Bg1 Kd5 70. Kc2 Kc4 71. Kd2 c5
72. Bh2 Nb4 73. Bc7 Nc6 74. Kc2 Kb4 (74... Kb4 75. Kd1 75... Nxa5 $19) 0-1

[Event "Promotion Vitrolles 03/04"]
[Site "?"]
[Date "2004.01.24"]
[Round "6"]
[White "Nakache, Jonathan"]
[Black "Damofli, Jean"]
[Result "0-1"]
[WhiteElo "1540"]
[BlackElo "1430"]
[PlyCount "90"]

1. e4 g6 2. d4 Bg7 3. Bf4 d6 4. Bc4 4... c6 {
4...c5 5.Qf3 cxd4 6.Bxd6 =} 5. c3 b5 6. Bb3 Qc7 7. Nf3 7... Bg4 $2 {
7...Nf6 8.Nbd2 0-0 +/=} 8. h3 (8. Bxf7+ $142 $5 8... Kd8 9. h3 Bxf3 10. Qxf3
(10. gxf3 $6 10... e5 11. Bg5+ Bf6 12. Bxf6+ 12... Nxf6 $16) 10... Nf6 $18)
8... Bxf3 $16 9. Qxf3 {pas 9.gxf3 Nf6 =} 9... e6 $16 10. O-O Ne7 11. Nd2 O-O
12. Rfe1 Nd7 13. Rad1 e5 14. dxe5 dxe5 15. Be3 c5 16. Bg5 Nb6 17. Bxe7 {
17.Qg4 c4 18.Bc2 Rad8 +/=} 17... Qxe7 $11 18. Bd5 Rad8 19. Nf1 19... Kh8 {
19...Nxd5 20.exd5 Qd6 21.Qe2 =} 20. Ne3 $14 20... a6 21. c4 b4 22. Rd3 Na8
23. a3 a5 24. axb4 axb4 25. Ra1 f6 26. Rdd1 Nb6 27. Ra6 Rd6 28. Rda1 Rfd8 29.
R6a5 29... Rxd5 $4 {>= 29...Nd7 +/= sauvant la partie} 30. Nxd5 $18 {
Plus faible est 30.exd5 e4 31.Qg3 f5 32.Ra7 +-} 30... Nxd5 31. exd5 {
31.cxd5 Qd6 +-} 31... e4 32. Qe3 f5 33. Qxc5 {
pas 33.Rxc5?? f4 34.Qxf4 Qxc5 35.Qxe4 Rf8 -+} 33... Qg5 $4 {
cette erreur accelere la fin 33...Qxc5 34.Rxc5 Bxb2 35.Rd1 +-} 34. Qe3 {
>= 34.Ra8!? semble mieux Bf8 35.Qc7 Rxa8 36.Rxa8 Kg8 37.Qc5 Qf6 38.d6 Kg7 39.
Rxf8 Qxf8 40.Qc7+ Kh6 41.d7+-} 34... Qh4 {34...Qxe3 35.fxe3 Bxb2 36.Ra8 +-}
35. Ra8 Bxb2 36. Qb6 (36. R1a7 $142 $5 {et les Blancs peuvent se relaxer} 36...
Rxa8 37. Rxa8+ Kg7 38. Ra7+ 38... Kg8 $18 39. Qb6 Qf6 (39... Bg7 40. Qe6+ Kh8
41. Qe8+ Bf8 42. Qxf8#) 40. Qb7 Qg7 41. Ra8+ Qf8 42. Rxf8+ $18) 36... Bf6 {
36...Bxa1 37.Rxd8+ Kg7 38.Rd7+ Kh6 39.Qa7 +-} 37. Rxd8+ Bxd8 38. Qb8 {
38.Ra8 Kg7 39.Rxd8 Qe7 +-} 38... Kg7 39. Ra7+ Kf6 40. Qg3 $4 (40. g3 $1 40...
f4 (40... Qh6 41. Qd6+ Kg5 42. Qxd8+ Kh5 43. Qh4#) 41. Qd6+ Kf5 42. Rf7+ Bf6
43. gxh4 e3 44. Qe6#) 40... Qxg3 $11 41. fxg3 $4 (41. Ra6+ $142 {
etait beaucoup mieux} 41... Ke5 42. fxg3 Kd4 43. d6 b3 44. Ra8 Bf6 45. d7 b2
46. Rb8 Kc3 47. c5 e3 48. c6 Bd8 49. Rxd8 b1=Q+ 50. Kh2 e2 51. Re8 f4 52. d8=Q
fxg3+ 53. Kxg3 e1=Q+ 54. Rxe1 54... Qxe1+ $18) 41... Bb6+ $19 42. Kf1 Bxa7 43.
d6 b3 44. d7 Bb6 45. c5 Bd8 0-1

[Event "Promotion Vitrolles 03/04"]
[Site "?"]
[Date "2004.01.24"]
[Round "6"]
[White "Baquer, Marc"]
[Black "Alpe, Jean-Charles"]
[Result "1/2-1/2"]
[WhiteElo "1600"]
[BlackElo "1430"]
[PlyCount "94"]

1. d4 d5 2. c4 c6 3. e3 e6 4. Nc3 f5 5. cxd5 (5. f4
Qh4+ 6. g3 Qd8 7. Nf3 Nf6 8. Bd3 Be7 9. Qc2 O-O 10. b3 Bd7 11. Bb2 Be8 12. O-O
Bh5 13. Rac1 Ne4 14. a3 Nd7 15. b4 Rc8 16. Na4 Nb6 17. Ne5 Bf6 18. Nxb6 axb6
19. Qg2 19... Nd6 {Adorjan,A-Hort,V/BL8990 1990/GER-chT/0-1 (61)}) 5... cxd5 (
5... exd5 6. Nf3 Nf6 7. g3 Bd6 8. Bg2 Qe7 9. O-O O-O 10. b3 Bd7 11. Bb2 Be8 12.
Qc2 Nbd7 13. Ne2 Bh5 14. Qxf5 Bg4 15. Qg5 Qe6 16. Nf4 Bxf4 17. exf4 h6 18. Qg6
Bf5 19. Rae1 Qxe1 20. Qxf5 Qe4 21. Qh3 Qg6 22. Ba3 Rfe8 23. Ne5 Nxe5 24. dxe5
Ng4 25. Bf3 h5 26. Qh4 Qd3 27. Kg2 Qc2 28. Bc1 Rf8 29. Qxh5 Nh6 30. g4 Rae8 31.
Ba3 Rf7 32. g5 g6 33. Bd1 Qe4+ 34. Qf3 Qxf3+ 35. Bxf3 Nf5 36. Bg4 Nd4 37. Kg3
Nf5+ 38. Bxf5 Rxf5 39. h4 Kf7 40. h5 40... gxh5 {
Shereshevski,M-Vigh,B/Budapest 1991/EXT 97/1-0 (65)}) 6. Nf3 Nf6 7. Bd3 7... a6
{Consolide b5} 8. O-O Bd6 9. Bd2 O-O 10. Rc1 Nbd7 11. Ng5 {11.Ne2 Ne4 =}
11... Qe8 12. f4 Ne4 13. Ncxe4 fxe4 14. Be2 Nf6 15. a3 h6 16. Nh3 Bd7 17. Nf2
Rc8 18. Qb3 b5 19. Rxc8 Qxc8 20. Rc1 Qb8 21. Bb4 Rc8 22. Rxc8+ Bxc8 23. Bxd6
Qxd6 24. Qc3 Qf8 25. Ng4 Nxg4 26. Bxg4 Qe8 27. Qc5 Kf7 28. Bh5+ g6 29. Qc7+ Qd7
30. Qxd7+ Bxd7 31. Be2 Ke7 32. Kf2 Be8 33. g4 g5 34. Kg3 Kf6 35. h4 Bd7 36. b4
Be8 37. fxg5+ hxg5 38. h5 Kg7 39. Kf2 Bd7 40. Ke1 Bc6 41. Kd2 Bd7 42. Kc3 Be8
43. a4 Bd7 44. a5 Be8 45. Kd2 Bd7 46. Ke1 Be8 47. Kf2 47... Bd7 {
une partie ou Fritz n'a pas trouve grand-chose a redire} 1/2-1/2

[Event "Promotion Vitrolles 03/04"]
[Site "?"]
[Date "2004.02.07"]
[Round "7"]
[White "Damofli, Jean"]
[Black "Baquer, Marc"]
[Result "0-1"]
[WhiteElo "1430"]
[BlackElo "1600"]
[PlyCount "134"]

 1. d4 Nf6 2.
Nf3 g6 3. c4 Bg7 4. g3 O-O 5. Bg2 d6 6. Nc3 Nbd7 7. O-O e5 8. e4 8... Nh5 {
8...c6 9.h3 Qb6 10.Re1 exd4 11.Nxd4 Re8 =} 9. b3 exd4 10. Nxd4 10... c5 {
10...Nhf6 11.Bb2 Re8 =} 11. Nde2 $14 11... Ne5 12. Bb2 12... Kh8 {
12...Nf6 13.Qd2 +/-} 13. Nb5 f5 14. Rb1 {
>= 14.Nxd6!? Qe7 15.f4 Ng4 16.Bxg7+ Nxg7 +/-} 14... fxe4 $14 15. Bxe4 15...
Nf3+ {>= 15...Nf7!? +/= et les Noirs sont encore dans la partie} 16. Bxf3 $18
16... Bxb2 (16... Rxf3 17. Nxd6 Bg4 18. Qd5 (18. Nxb7 $6 18... Qb6 $11) 18...
Bxb2 19. Rxb2 Qf6 20. Rd2 Bh3 21. Ne4 Qe7 22. Rfd1 22... Raf8 $16) 17. Rxb2 $6
{17.Bxh5 Bg7 18.Nxd6 Bh3 +-} 17... Qf6 $6 {
17...Rxf3 18.Qxd6 Bh3 19.Rd1 Qf8 +/-} 18. Rd2 {
18.Ned4 Ng7 19.Rd2 cxd4 20.Nxd4 +-} 18... Qxf3 $16 19. Nec3 {
19.Nxd6? echoue sur Bh3 20.Nf4 Rxf4 21.Qxf3 Rxf3 -+} 19... Bh3 20. Qxf3 Rxf3
21. Rfd1 {21.Rc1 Ng7 22.Nxd6 b6 23.Nd5 Ne6 24.Re1 +/-} 21... a6 22. Nxd6 {
22.Nc7!? Rc8 23.N7d5 +/-} 22... Rxc3 $14 23. Nxb7 {
23.Ne4 Rf3 24.Ng5 Bg4 25.h3 +/=} 23... Rf3 {23...Bg4!? 24.Re1 Rc8 25.Rd6 =}
24. Nxc5 $14 24... Raf8 $2 {>= 24...Nf6!? +/= et les Noirs respirent un peu}
25. Nxa6 $18 25... Nf6 26. Nc5 Ng4 27. Ne6 27... Ne3 {
27...Nxf2!? 28.Nxf8 Nxd1 29.Nxg6+ hxg6 30.Rxd1 Rc3 +/-} 28. Nxf8 $18 28...
Nxd1 29. Rxd1 Rxf8 30. a4 {30.f4 Kg7 +-} 30... Rf3 {
30...Rb8 31.Rb1 Be6 32.b4 Bxc4 33.b5 +/-} 31. Rb1 Rc3 32. a5 Bc8 33. Kf1 Rc2
34. Ke1 34... Bg4 {34...Ba6 35.Rd1 Ra2 +/-} 35. a6 {>= 35.Ra1 avec
d'excellentes chances pour les Blancs Bf3 36.a6 Kg7 37.a7 Ba8 38.h4 h5 39.Ra5
+-} 35... Re2+ $16 36. Kf1 Ra2 37. b4 37... Rxa6 {37...Be2+ 38.Kg1 +/-} 38.
b5 Ra8 39. c5 Bf5 40. Rb2 Rb8 41. Ke2 {les blancs planifient b6} 41... Bd7 42.
b6 Kg7 43. Kd3 Kf7 44. Kd4 Bc6 45. Ke5 Ke7 46. f4 {
46.Rd2 +/- le secret de toutes les finales de tours : il faut activer les R}
46... Rb7 $4 {les Noirs manquent le coche 46...Rd8 47.f5 g5 48.f6+ Kf7 49.Kf5
(49.b7?? Bf3 50.b8Q Rd5#) Rd5+ 50.Kg4 =} 47. g4 $2 {les Blancs preparent
l'avance f5 sans se soucier du contre-jeu des Noirs >= 47.Rd2 -+ menacant
Rd6} 47... Rd7 $11 48. f5 48... g5 {#} 49. f6+ $4 {jetant a l'eau un
demi-point >= 49.Rb4 et les Blancs peuvent continuer Rd5+ 50.Ke4 =} 49... Kf7
$19 50. Rb4 Rd5+ 51. Ke4 Rxc5+ 52. Kd4 Rd5+ 53. Kc4 53... Bb7 {
mais pas 53...Kxf6?! 54.b7 Bxb7 55.Rxb7 =} 54. Ra4 Kxf6 55. Ra7 Rd7 56. Rxb7
Rxb7 57. Kc5 Ke5 58. Kc6 58... Rxb6+ $1 {mieux que s'accrocher au materiel} 59.
Kxb6 Kf4 60. h3 Kg3 61. Kc6 Kxh3 62. Kd5 Kxg4 63. Ke4 Kg3 64. Ke3 g4 65. Ke2
Kg2 66. Ke1 g3 67. Ke2 Kh2 0-1